Entry Personal Name
Number of records used in: 3
001 - CONTROL NUMBER
003 - CONTROL NUMBER IDENTIFIER
005 - DATE AND TIME OF LATEST TRANSACTION
- control field:
20250704103730.0
008 - FIXED-LENGTH DATA ELEMENTS
- fixed length control field:
831011n| acannaab| |a aaa ||| c
010 ## - LIBRARY OF CONGRESS CONTROL NUMBER
- LC control number:
n 83826549
040 ## - CATALOGING SOURCE
- Original cataloging agency:
ICU
- Transcribing agency:
ICU
100 10 - HEADING--PERSONAL NAME
- Personal name:
De, Anil K.
- Fuller form of name:
(Anil Kumar),
- Dates associated with a name:
1927-
400 10 - SEE FROM TRACING--PERSONAL NAME
- Control subfield:
nna
- Personal name:
De, Anil Kumar,
- Dates associated with a name:
1927-
670 ## - SOURCE DATA FOUND
- Source citation:
LCCN 60-16565: His Separation of heavy metals, 1961
- Information found:
(hdg.: De, Anil Kumar, 1927- )
670 ## - SOURCE DATA FOUND
- Source citation:
LC data base, 9-27-83
- Information found:
(hdg.: De, Anil Kumar, 1927- ; usage: Anil K. De)